| 000 | 00541nam a2200193Ia 4500 | ||
|---|---|---|---|
| 003 | OSt | ||
| 005 | 20250630113652.0 | ||
| 008 | 210210b1986 xxu||||| |||| 00| 0 eng d | ||
| 040 | _cAL | ||
| 041 | _aKannada | ||
| 082 | _aK894.9 RAGV | ||
| 100 |
_aRAGHAVENDRARAV (K) _dರಾಘವೇಂದ್ರ ರಾವ್ (ಕೆ) _9216581 |
||
| 245 |
_aVrattavilasa _bವೃತ್ತವಿಲಾಸ |
||
| 260 |
_aMaisuru _bVishvavidyanilaya _c1986 |
||
| 300 | _aviii,70 | ||
| 690 |
_aKannada Criticism _9216582 |
||
| 906 | _a044374 | ||
| 942 |
_2ddc _cBK |
||
| 999 |
_c93895 _d93895 |
||